[Event "European Youth Chess Championship G16"]
[Site "Prague, Top Hotel Prague"]
[Date "2012.08.19"]
[Round "3.11"]
[White "Vanagaite, Giedre"]
[Black "Dziodzio, Angelika"]
[Result "1-0"]
[WhiteElo "1996"]
[BlackElo "1886"]
[PlyCount "87"]
[EventDate "2012.08.17"]

1. e4 c5 2. Nf3 d6 3. d4 cxd4 4. Nxd4 Nf6 5. Nc3 Nc6 6. Bc4 Bd7 7. f3 g6 8. Be3
Bg7 9. Qd2 O-O 10. O-O-O Nxd4 11. Bxd4 Qc7 12. Bb3 b5 13. Bxf6 Bxf6 14. Nd5 Qc8
15. Nxf6+ exf6 16. Qxd6 Be6 17. Bxe6 fxe6 18. Qd7 Qa6 19. Rd6 Qxa2 20. Qxe6+
Qxe6 21. Rxe6 Rad8 22. Rd1 Rxd1+ 23. Kxd1 Rd8+ 24. Ke2 Kf7 25. Rc6 Rd7 26. Rc5
Rb7 27. Kd3 Ke7 28. Rc6 a5 29. Kc3 h5 30. e5 fxe5 31. Rxg6 Rc7+ 32. Kd2 Rc5 33.
Rh6 e4 34. fxe4 b4 35. b3 Kf7 36. Rd6 Rg5 37. g3 h4 38. Rd5 Rg4 39. Rf5+ Ke6
40. Rf4 Rg8 41. Rxh4 Rd8+ 42. Kc1 Ke5 43. Rh5+ Kxe4 44. Rxa5 1-0

[Event "European Youth Chess Championship G16"]
[Site "Prague, Top Hotel Prague"]
[Date "2012.08.19"]
[Round "3.12"]
[White "Ivanova, Simoneta"]
[Black "Richterova, Natasa"]
[Result "1/2-1/2"]
[WhiteElo "1952"]
[BlackElo "1864"]
[PlyCount "96"]
[EventDate "2012.08.17"]

1. e4 Nf6 2. e5 Nd5 3. d4 d6 4. c4 Nb6 5. exd6 cxd6 6. Nc3 g6 7. Be3 Bg7 8. Rc1
O-O 9. b3 Nc6 10. Nf3 Bg4 11. Be2 d5 12. c5 Nc8 13. O-O Bxf3 14. Bxf3 e6 15.
Ne2 N8e7 16. b4 a6 17. Qb3 b6 18. Rfd1 Nf5 19. b5 Na5 20. Qb4 bxc5 21. dxc5
Nxe3 22. fxe3 axb5 23. Qxb5 Rb8 24. Qa4 Qc7 25. e4 Bh6 26. Rc3 Nc4 27. exd5 Nb2
28. d6 Nxa4 29. dxc7 Rbc8 30. Rc2 Nxc5 31. Nd4 Rxc7 32. Nb3 Na6 33. Rxc7 Nxc7
34. Rd7 Bf4 35. g3 Be5 36. Nc5 Nb5 37. a4 Nd4 38. Bb7 Nf5 39. Kg2 Nd6 40. Nd3
Nxb7 41. Nxe5 Nc5 42. Ra7 f6 43. Ng4 h5 44. Nh6+ Kh8 45. Nf7+ Kg7 46. Ne5+ Kh6
47. Nf7+ Kg7 48. Ne5+ Kh6 1/2-1/2

[Event "European Youth Chess Championship G16"]
[Site "Prague, Top Hotel Prague"]
[Date "2012.08.19"]
[Round "3.13"]
[White "Cemhan, Kardelen"]
[Black "Sroubova, Lenka"]
[Result "1-0"]
[WhiteElo "1938"]
[BlackElo "1772"]
[PlyCount "83"]
[EventDate "2012.08.17"]

1. e4 b6 2. d4 Bb7 3. Bd3 e6 4. Nf3 Nf6 5. Qe2 d5 6. e5 Nfd7 7. O-O c5 8. c3
Nc6 9. Nbd2 Qc7 10. a3 c4 11. Bc2 O-O-O 12. Ng5 Ndb8 13. f4 h6 14. Nh3 g6 15.
b4 b5 16. Nf3 Be7 17. a4 a6 18. axb5 axb5 19. Kh1 Rdg8 20. Nf2 Nd7 21. Bd2 Nb6
22. Ng4 Qd8 23. Ra2 Kc7 24. Raa1 Kc8 25. Ne3 Qd7 26. Rg1 Kc7 27. g4 h5 28. Ng5
Bxg5 29. fxg5 Nxe5 30. dxe5 d4+ 31. Ng2 d3 32. Bxd3 cxd3 33. Qf2 hxg4 34. Bf4
Rh3 35. Rgd1 Nd5 36. Bg3 Nb6 37. Kg1 Qd5 38. Qxf7+ Nd7 39. Rd2 Rhh8 40. Qf1
Nxe5 41. Qxd3 Re8 42. Re1 1-0

[Event "European Youth Chess Championship G16"]
[Site "Prague, Top Hotel Prague"]
[Date "2012.08.19"]
[Round "3.14"]
[White "Styazhkina, Anna"]
[Black "Shepherd, Katherine M"]
[Result "1-0"]
[WhiteElo "2150"]
[BlackElo "1766"]
[PlyCount "67"]
[EventDate "2012.08.17"]

1. d4 d5 2. c4 c6 3. Nc3 Nf6 4. e3 e6 5. b3 Bd6 6. Bb2 O-O 7. Nf3 Nbd7 8. Bd3
b6 9. O-O Bb7 10. Qe2 c5 11. Rad1 Qe7 12. Rfe1 Rac8 13. dxc5 Nxc5 14. cxd5 Nxd5
15. Nxd5 Bxd5 16. e4 Ba8 17. e5 Bb8 18. Ba3 Bxf3 19. Qxf3 Qg5 20. Bc1 Qe7 21.
Bb1 Rfd8 22. Bf4 Qb7 23. Qh3 g6 24. b4 Na4 25. Rxd8+ Rxd8 26. Bg5 Rd4 27. Bc2
Rxb4 28. Qh6 Qc8 29. Be7 Rc4 30. Bxa4 Rxa4 31. Rc1 Qe8 32. Bf6 Qf8 33. Qxf8+
Kxf8 34. Rc8# 1-0

[Event "European Youth Chess Championship G16"]
[Site "Prague, Top Hotel Prague"]
[Date "2012.08.19"]
[Round "3.15"]
[White "Leonardi, Caterina"]
[Black "Navrotescu, Andreea-Cristiana"]
[Result "0-1"]
[WhiteElo "1884"]
[BlackElo "2090"]
[PlyCount "60"]
[EventDate "2012.08.17"]

1. d4 f5 2. Bg5 h6 3. Bh4 g5 4. Bg3 Nf6 5. e3 d6 6. Bd3 Bg7 7. Ne2 Nc6 8. h4 e5
9. hxg5 hxg5 10. Rxh8+ Bxh8 11. Bb5 f4 12. d5 a6 13. dxc6 axb5 14. exf4 exf4
15. Bh2 bxc6 16. Qd3 Qe7 17. Qg6+ Qf7 18. Qxf7+ Kxf7 19. c3 c5 20. Nd2 Ng4 21.
Bg1 Ne5 22. Nc1 Bf5 23. f3 b4 24. Kd1 bxc3 25. bxc3 Nc6 26. Ne2 Ra4 27. a3 Na7
28. Kc1 Nb5 29. Kb2 Bd3 30. Kb3 Ra8 0-1

[Event "European Youth Chess Championship G16"]
[Site "Prague, Top Hotel Prague"]
[Date "2012.08.19"]
[Round "3.16"]
[White "Shamatava, Ana"]
[Black "Beshukova, Ekaterina"]
[Result "1-0"]
[WhiteElo "2086"]
[BlackElo "1879"]
[PlyCount "99"]
[EventDate "2012.08.17"]

1. e4 c5 2. Nf3 e6 3. d4 cxd4 4. Nxd4 a6 5. Bd3 Bc5 6. Nb3 Ba7 7. Qe2 d6 8. c4
Nc6 9. O-O Nf6 10. Bg5 O-O 11. Nc3 h6 12. Bh4 Nd4 13. Nxd4 Bxd4 14. Rad1 g5 15.
Bg3 e5 16. Kh1 Bd7 17. Qd2 Qb6 18. f3 Nh5 19. Bf2 Bxf2 20. Qxf2 Qc6 21. Nd5
Rae8 22. g4 Nf4 23. Nf6+ Kg7 24. Nxe8+ Rxe8 25. b3 h5 26. gxh5 Rh8 27. c5 dxc5
28. Bc4 b5 29. Bd5 Qc7 30. Qd2 Bh3 31. Rf2 Rxh5 32. Qc2 Rh8 33. Rc1 Rc8 34. a4
Be6 35. Bxe6 Nxe6 36. axb5 axb5 37. Qd3 Nd4 38. Rg1 f6 39. h4 Rh8 40. Rh2 c4
41. bxc4 bxc4 42. Qe3 Kf7 43. hxg5 Rxh2+ 44. Kxh2 fxg5 45. Rxg5 c3 46. Rg1 c2
47. Qh6 Nxf3+ 48. Kh1 c1=Q 49. Rxc1 Qe7 50. Rc7 1-0

[Event "European Youth Chess Championship G16"]
[Site "Prague, Top Hotel Prague"]
[Date "2012.08.19"]
[Round "3.17"]
[White "Djogteva, Jekaterina"]
[Black "Bellaiche, Elise"]
[Result "1/2-1/2"]
[WhiteElo "1828"]
[BlackElo "1992"]
[PlyCount "86"]
[EventDate "2012.08.17"]

1. e4 c5 2. Nc3 e6 3. f4 a6 4. a4 Nc6 5. Nf3 d5 6. d3 Nf6 7. Qe2 Be7 8. g3 Rb8
9. Bg2 b5 10. O-O c4 11. f5 dxe4 12. dxe4 exf5 13. Bf4 Rb7 14. e5 Nd7 15. Ng5
Bxg5 16. Bxc6 Qb6+ 17. Qf2 Qxc6 18. Bxg5 O-O 19. Qxf5 Qc5+ 20. Qf2 Qxf2+ 21.
Rxf2 Nxe5 22. axb5 axb5 23. Ra5 Bd7 24. Bf4 f6 25. Bxe5 fxe5 26. Rxf8+ Kxf8 27.
Ra1 Bc6 28. Re1 b4 29. Na2 Rb5 30. Nc1 e4 31. Kf2 Rf5+ 32. Ke3 Ke7 33. Kd4 Rf2
34. Re2 Rf1 35. Na2 b3 36. cxb3 cxb3 37. Nc3 Kd6 38. Nxe4+ Bxe4 39. Kxe4 Kc5
40. Kd3 Rc1 41. Re5+ Kb4 42. Re4+ Kb5 43. Re5+ Kb4 1/2-1/2

[Event "European Youth Chess Championship G16"]
[Site "Prague, Top Hotel Prague"]
[Date "2012.08.19"]
[Round "3.18"]
[White "Zamanova, Bikakhanim"]
[Black "Hoare, Amy B"]
[Result "1/2-1/2"]
[WhiteElo "1788"]
[BlackElo "1958"]
[PlyCount "99"]
[EventDate "2012.08.17"]

1. e4 e5 2. Nf3 Nc6 3. d4 exd4 4. Nxd4 Nf6 5. Nxc6 bxc6 6. Bd3 d5 7. e5 Nd7 8.
O-O Nc5 9. f4 Nxd3 10. Qxd3 Bc5+ 11. Kh1 O-O 12. f5 Qh4 13. Bf4 g6 14. f6 Re8
15. Nc3 a5 16. Qd2 Qg4 17. Rf3 Qe6 18. Rh3 Rd8 19. Bg3 Bf8 20. Rh4 Ba6 21. Bf4
Qf5 22. Re1 d4 23. Ne4 Bb4 24. Qf2 Bxe1 25. Qxe1 d3 26. cxd3 Bxd3 27. Ng5 h6
28. Rxh6 Qxf4 29. e6 Bc4 30. Nxf7 Qxf6 31. Rh8+ Kg7 32. Rxd8 Rxd8 33. Nxd8 Qxd8
34. e7 Qe8 35. Qc3+ Kh7 36. Qxc4 Qxe7 37. Qc3 Qf7 38. h3 Qxa2 39. Qxc6 Qxb2 40.
Qxc7+ Kh6 41. Qxa5 Qc1+ 42. Kh2 Qf4+ 43. Kg1 Qc1+ 44. Kf2 Qf4+ 45. Ke2 Qe4+ 46.
Kf1 Qf4+ 47. Kg1 Qc1+ 48. Kf2 Qf4+ 49. Ke2 Qe4+ 50. Kf2 1/2-1/2

[Event "European Youth Chess Championship G16"]
[Site "Prague, Top Hotel Prague"]
[Date "2012.08.19"]
[Round "3.19"]
[White "Nicolajsen, Thea"]
[Black "Pastuszko, Kinga"]
[Result "1/2-1/2"]
[WhiteElo "1691"]
[BlackElo "1946"]
[PlyCount "80"]
[EventDate "2012.08.17"]

1. d4 f5 2. e4 fxe4 3. Nc3 Nf6 4. Bg5 Nc6 5. d5 Ne5 6. Qd4 Nf7 7. Bxf6 exf6 8.
Nxe4 f5 9. Nc3 g6 10. O-O-O Bh6+ 11. Kb1 O-O 12. g3 Bg7 13. Qd2 Qf6 14. Nge2 a5
15. Qd4 Qe7 16. Qd2 Nd6 17. Nf4 Qf6 18. Qc1 a4 19. a3 b5 20. Na2 Nc4 21. Bxc4
bxc4 22. c3 Bb7 23. h4 c6 24. Rhe1 Rfe8 25. Rxe8+ Rxe8 26. dxc6 Bxc6 27. Nb4
Bh6 28. Nxc6 Qxc6 29. Qd2 Qe4+ 30. Ka2 Bxf4 31. gxf4 Re7 32. Qd6 Qc2 33. Qxe7
Qb3+ 34. Kb1 Qxd1+ 35. Ka2 Qb3+ 36. Kb1 Qd1+ 37. Ka2 Qb3+ 38. Kb1 Qd1+ 39. Ka2
Qb3+ 40. Kb1 Qd1+ 1/2-1/2

[Event "European Youth Chess Championship G16"]
[Site "Prague, Top Hotel Prague"]
[Date "2012.08.19"]
[Round "3.20"]
[White "Cosman, Andreea-Marioara"]
[Black "Harutyunyan, Ani"]
[Result "0-1"]
[WhiteElo "1921"]
[BlackElo "1835"]
[PlyCount "134"]
[EventDate "2012.08.17"]

1. d4 d5 2. c4 e6 3. Nf3 Nf6 4. Nc3 Be7 5. Bg5 O-O 6. e3 Nbd7 7. Rc1 c6 8. a3
Re8 9. Be2 Ne4 10. Bxe7 Qxe7 11. O-O Nxc3 12. Rxc3 dxc4 13. Bxc4 e5 14. dxe5
Nxe5 15. Nxe5 Qxe5 16. Qb3 Qc7 17. Rd1 Bf5 18. Bd3 Be6 19. Qc2 g6 20. Bc4 Bf5
21. Bd3 Be6 22. Be2 Rad8 23. Rcd3 Bf5 24. Rxd8 Rxd8 25. Rxd8+ Qxd8 26. Qd1 Qf6
27. Qd2 Qe5 28. Bf3 Kg7 29. g3 Bh3 30. Bg2 Bxg2 31. Kxg2 a5 32. Qc2 Kf6 33. Kf1
Qd5 34. Ke2 Ke6 35. Qc3 a4 36. h4 b5 37. Qb4 f5 38. f3 Qd6 39. Qc3 c5 40. Qg7
Qe5 41. Qg8+ Kd6 42. Qb8+ Kd5 43. Qxb5 Qxg3 44. Qd7+ Qd6 45. Qxa4 Qh2+ 46. Kd3
Qf2 47. Qd7+ Ke5 48. f4+ Kf6 49. Qd6+ Kf7 50. Qd7+ Kf6 51. Qd6+ Kf7 52. Qd5+
Kf6 53. Qxc5 Qf1+ 54. Kd4 Qd1+ 55. Kc4 Qc2+ 56. Kd5 Qe4+ 57. Kd6 Qe7+ 58. Kc6
Qe8+ 59. Kb7 Qd7+ 60. Qc7 Qd1 61. Qe5+ Kf7 62. Qc7+ Kg8 63. Kc8 Qb3 64. Qd8+
Kg7 65. Qe7+ Kh6 66. Qf8+ Kh5 67. Qf6 Kg4 0-1

[Event "European Youth Chess Championship G16"]
[Site "Prague, Top Hotel Prague"]
[Date "2012.08.19"]
[Round "3.24"]
[White "Marikova, Jana"]
[Black "Kejzar, Petra"]
[Result "1-0"]
[WhiteElo "1887"]
[BlackElo "1704"]
[PlyCount "69"]
[EventDate "2012.08.17"]

1. d4 Nf6 2. c4 c5 3. d5 e6 4. Nc3 exd5 5. cxd5 d6 6. e4 g6 7. Nf3 Bg7 8. Nd2
a6 9. a4 O-O 10. Be2 Re8 11. O-O Nbd7 12. h3 b6 13. Re1 Rb8 14. Qc2 Qe7 15. f4
Nf8 16. Bf3 b5 17. a5 b4 18. Ne2 Bd7 19. Nc4 b3 20. Qd3 Bb5 21. Nc3 Bxc4 22.
Qxc4 N6d7 23. Bd2 Bd4+ 24. Kh1 Rec8 25. Ra4 Qf6 26. Qxa6 c4 27. e5 Qh4 28. Rxc4
Rxc4 29. Qxc4 dxe5 30. fxe5 Qf2 31. Ne4 Nxe5 32. Qa4 Qxe1+ 33. Bxe1 Bxb2 34.
Nc5 Nxf3 35. gxf3 1-0

[Event "European Youth Chess Championship G16"]
[Site "Prague, Top Hotel Prague"]
[Date "2012.08.19"]
[Round "3.25"]
[White "Amiridou, Dimitra"]
[Black "Dragieva, Denitza"]
[Result "1/2-1/2"]
[WhiteElo "1752"]
[BlackElo "2005"]
[PlyCount "163"]
[EventDate "2012.08.17"]

1. e4 e5 2. Nf3 Nc6 3. Bb5 a6 4. Ba4 Nf6 5. O-O Be7 6. Re1 b5 7. Bb3 d6 8. c3
O-O 9. h3 Na5 10. Bc2 c5 11. d4 Qc7 12. Nbd2 Re8 13. d5 Bd7 14. b3 c4 15. b4
Nb7 16. a4 a5 17. Ba3 axb4 18. Bxb4 Nc5 19. axb5 Bxb5 20. Qe2 g6 21. Qe3 Nfd7
22. Reb1 Rxa1 23. Rxa1 Qb7 24. Rb1 Qa6 25. Nh2 Rc8 26. Ndf3 Qa2 27. Qc1 Nb3 28.
Qd1 Ra8 29. Ng4 Na1 30. Ne1 Nxc2 31. Qxc2 Qxc2 32. Nxc2 Ra2 33. Nge3 Nf6 34. f3
Ba6 35. Na3 Bf8 36. Naxc4 Bxc4 37. Nxc4 Ra6 38. Na5 Nh5 39. Nc6 f5 40. exf5
gxf5 41. Re1 Nf4 42. Nxe5 Nxd5 43. Nc4 Nxb4 44. cxb4 Ra4 45. Rd1 Rxb4 46. Nxd6
f4 47. Rd5 Bxd6 48. Rxd6 Kf7 49. Kh2 Kg7 50. h4 h5 51. Re6 Rd4 52. Kg1 Kf7 53.
Re5 Kg6 54. Kf2 Rd2+ 55. Re2 Rd6 56. g4 fxg3+ 57. Kxg3 Kf5 58. Re8 Rd4 59. Rh8
Kg6 60. Rg8+ Kh7 61. Rg5 Kh6 62. Re5 Kg6 63. Re4 Rd1 64. Kf4 Rg1 65. Re6+ Kg7
66. Kf5 Rg3 67. Re7+ Kf8 68. Re3 Kf7 69. Kf4 Rg1 70. Re5 Kg6 71. Rg5+ Rxg5 72.
hxg5 h4 73. Kg4 h3 74. Kxh3 Kxg5 75. Kg3 75... Kf5 $11 76. f4 Kf6 77. Kf3 Kf5
78. Ke3 Kf6 79. Ke4 Ke6 80. f5+ Kf6 81. Kf4 Kf7 82. Ke5 $11 1/2-1/2

[Event "European Youth Chess Championship G16"]
[Site "Prague, Top Hotel Prague"]
[Date "2012.08.19"]
[Round "3.26"]
[White "Hiebler, Laura"]
[Black "Tomin, Ksenija"]
[Result "0-1"]
[WhiteElo "1795"]
[BlackElo "1954"]
[PlyCount "76"]
[EventDate "2012.08.17"]

1. e4 c5 2. Nf3 e6 3. d4 cxd4 4. Nxd4 a6 5. Bd3 Bc5 6. Nb3 Be7 7. Nc3 d6 8. O-O
Nf6 9. a4 b6 10. f4 Nbd7 11. Qe2 Qc7 12. Kh1 O-O 13. Bd2 Bb7 14. Rae1 e5 15. f5
d5 16. exd5 Nxd5 17. Ne4 Rfe8 18. Bg5 Bxg5 19. Nxg5 Nf4 20. Rxf4 exf4 21. Qxe8+
Rxe8 22. Rxe8+ Nf8 23. f6 g6 24. Nd4 Qd7 25. Re7 Qxd4 26. Rxb7 Qxf6 27. Nxf7
Qh4 28. h3 f3 29. Ra7 f2 30. b3 Qf4 31. Bf1 Qc1 32. Kh2 Qxf1 33. Nh6+ Kh8 34.
Nf7+ Kg7 35. Ne5+ Kg8 36. Nf3 Qc1 37. Rxa6 f1=Q 38. Rxb6 Qf4+ 0-1

[Event "European Youth Chess Championship G16"]
[Site "Prague, Top Hotel Prague"]
[Date "2012.08.19"]
[Round "3.27"]
[White "Jacimovic, Sara"]
[Black "Johnova, Eliska"]
[Result "0-1"]
[WhiteElo "1933"]
[BlackElo "1798"]
[PlyCount "84"]
[EventDate "2012.08.17"]

1. e4 e6 2. d4 d5 3. e5 c5 4. c3 Nc6 5. Nf3 Nge7 6. Na3 cxd4 7. cxd4 Ng6 8. Nc2
Be7 9. Be2 O-O 10. O-O f6 11. exf6 Bxf6 12. Be3 Bd7 13. Qd2 Rc8 14. Nfe1 Qb6
15. b3 Nh4 16. g4 Be7 17. Nd3 Nf3+ 18. Bxf3 Rxf3 19. Kg2 Rf6 20. f4 Rg6 21. h3
Qc7 22. Rac1 Rf8 23. Kh2 h5 24. Rg1 hxg4 25. Rxg4 Rxg4 26. hxg4 Be8 27. Ne5 g5
28. Kg2 Bd6 29. Ne1 Qh7 30. N1f3 Qe4 31. Kg3 Bb4 32. Qc2 gxf4+ 33. Bxf4 Qxf4+
34. Kg2 Nxe5 35. Nxe5 Qxd4 36. Rh1 Qd2+ 37. Qxd2 Bxd2 38. Nf3 Bf4 39. g5 Rf5
40. Re1 e5 41. Kf2 Bh5 42. Nh4 Rxg5 0-1

[Event "European Youth Chess Championship G16"]
[Site "Prague, Top Hotel Prague"]
[Date "2012.08.19"]
[Round "3.28"]
[White "Trippold, Denise"]
[Black "Zavgorodniaya, Alena"]
[Result "0-1"]
[WhiteElo "1773"]
[BlackElo "1910"]
[PlyCount "78"]
[EventDate "2012.08.17"]

1. d4 Nf6 2. c4 g6 3. Nc3 d5 4. Nf3 Bg7 5. e3 O-O 6. Bd3 c5 7. O-O Nc6 8. cxd5
Nxd5 9. Nxd5 Qxd5 10. e4 Qd8 11. dxc5 Qa5 12. Qe2 Bg4 13. h3 Nd4 14. Qe3 Nxf3+
15. gxf3 Bxh3 16. Rd1 Rfc8 17. Rb1 Qxc5 18. Qxc5 Rxc5 19. Be3 Rcc8 20. b3 Bd7
21. Bc4 Bc6 22. a4 a6 23. Bb6 Be5 24. Rbc1 e6 25. Kg2 h5 26. Kh3 Kg7 27. Rd3 g5
28. Rg1 Kf6 29. Rdd1 Rg8 30. Bd3 Bf4 31. Bd4+ e5 32. Bb6 Bd7+ 33. Kg2 g4 34.
fxg4 Bxg4 35. f3 Be6+ 36. Kh1 Bxb3 37. Ra1 Rxg1+ 38. Kxg1 Rg8+ 39. Kh1 Rg3 0-1

[Event "European Youth Chess Championship G16"]
[Site "Prague, Top Hotel Prague"]
[Date "2012.08.19"]
[Round "3.29"]
[White "Luzikova, Nicola"]
[Black "Skakun, Valentina"]
[Result "1-0"]
[WhiteElo "1769"]
[BlackElo "1884"]
[PlyCount "91"]
[EventDate "2012.08.17"]

1. d4 d5 2. Nf3 c6 3. c4 e6 4. Nc3 dxc4 5. e3 b5 6. a4 Bb4 7. axb5 cxb5 8. Bd2
Bxc3 9. Bxc3 a5 10. b3 Bb7 11. bxc4 b4 12. Bb2 Nf6 13. Bd3 O-O 14. O-O Nbd7 15.
Re1 Qc7 16. h3 Ne4 17. Qc2 f5 18. Nd2 Ndf6 19. f3 Nxd2 20. Qxd2 Qe7 21. c5 Qc7
22. e4 f4 23. Bc4 Rfe8 24. Bb5 Reb8 25. Ba4 Kh8 26. Rac1 Bc6 27. Bb3 a4 28.
Bxe6 a3 29. Ba1 b3 30. Bc3 b2 31. Rb1 Qe7 32. Ba2 Ba4 33. Bb4 Qb7 34. Bxa3 Bb5
35. Rxb2 Rxa3 36. Reb1 Qa6 37. Bc4 Ra1 38. Qc1 Rxb1 39. Qxb1 Qa4 40. Rxb5 Rxb5
41. Qxb5 Qd1+ 42. Kh2 h6 43. Qb8+ Kh7 44. Be6 Qxd4 45. Bf5+ g6 46. Qb7+ 1-0

[Event "European Youth Chess Championship G16"]
[Site "Prague, Top Hotel Prague"]
[Date "2012.08.19"]
[Round "3.30"]
[White "Kopnicka, Henrieta"]
[Black "Gogishvili, Dea"]
[Result "0-1"]
[WhiteElo "1711"]
[BlackElo "1875"]
[PlyCount "54"]
[EventDate "2012.08.17"]

1. e4 d5 2. exd5 Qxd5 3. Nc3 Qa5 4. d4 c6 5. Nf3 Nf6 6. Bd2 Qb6 7. b3 Bg4 8.
Na4 Qd8 9. Be3 e6 10. Be2 Nbd7 11. O-O Bd6 12. c4 O-O 13. a3 Ne4 14. Nd2 Bxe2
15. Qxe2 Nxd2 16. Qxd2 Qc7 17. g3 Rad8 18. Qe2 Rde8 19. Rfd1 Qb8 20. Qf3 f5 21.
Re1 f4 22. gxf4 Bxf4 23. Qh3 Rf6 24. Bxf4 Qxf4 25. Qe3 Qh4 26. f3 Qh3 27. Qd2
Rg6+ 0-1

[Event "European Youth Chess Championship G16"]
[Site "Prague, Top Hotel Prague"]
[Date "2012.08.19"]
[Round "3.31"]
[White "Rykala, Monika"]
[Black "Machlik, Monika"]
[Result "1-0"]
[WhiteElo "1844"]
[BlackElo "1718"]
[PlyCount "111"]
[EventDate "2012.08.17"]

1. d4 Nf6 2. e3 e6 3. Nf3 d5 4. Bd3 Nbd7 5. b3 b6 6. Bb2 Bb7 7. O-O Be7 8. Nbd2
O-O 9. Ne5 c5 10. f4 Ne4 11. Nxe4 dxe4 12. Bb5 Nf6 13. Qe1 Qc7 14. Rc1 a6 15.
Be2 Nd5 16. Qg3 f6 17. Ng4 cxd4 18. Bxd4 Ba3 19. Rce1 Bb4 20. Rc1 Ba3 21. Ra1
Bc5 22. c4 Bxd4 23. exd4 Ne7 24. Ne3 Rad8 25. Rad1 f5 26. Kh1 Rf6 27. Qf2 Kh8
28. Nc2 Rc8 29. Rd2 Rff8 30. Qe3 Rfd8 31. Rfd1 Ng6 32. g3 Ne7 33. Kg1 Kg8 34.
Qf2 Qc6 35. Ne3 Qc7 36. d5 exd5 37. cxd5 Qd7 38. d6 Nc6 39. Nc4 Qe6 40. Qxb6 e3
41. Qxe3 Qxe3+ 42. Nxe3 g6 43. Bf3 Na5 44. Be2 Rd7 45. b4 Nc6 46. a3 Nd8 47.
Nc4 Rb8 48. Ne5 Rg7 49. Bc4+ Kf8 50. d7 Ke7 51. Rd6 Ra8 52. Rb6 Ra7 53. Rdd6 a5
54. b5 a4 55. Re6+ Nxe6 56. Rxe6+ 1-0

[Event "European Youth Chess Championship G16"]
[Site "Prague, Top Hotel Prague"]
[Date "2012.08.19"]
[Round "3.32"]
[White "Branco, Joana Catarina Cost"]
[Black "Bartsits, Sabina"]
[Result "0-1"]
[WhiteElo "1394"]
[BlackElo "1841"]
[PlyCount "102"]
[EventDate "2012.08.17"]

1. e4 c5 2. Nf3 d6 3. d4 cxd4 4. Nxd4 Nf6 5. Nc3 a6 6. Bd3 e5 7. Nb3 Be6 8. Bg5
Be7 9. Qd2 h6 10. Be3 Nbd7 11. h3 Nb6 12. O-O-O Nc4 13. Bxc4 Bxc4 14. f4 b5 15.
fxe5 dxe5 16. Qxd8+ Rxd8 17. Na5 Be6 18. Nc6 Rc8 19. Nxe5 b4 20. Nd5 Nxe4 21.
Nxe7 Kxe7 22. Kb1 Rhe8 23. Rd4 Ng3 24. Rhd1 Nf5 25. Re4 Nxe3 26. Rxe3 Kf8 27.
g4 f6 28. Ng6+ Kf7 29. Rde1 Bxa2+ 30. Kxa2 Rxe3 31. Rxe3 Kxg6 32. Kb3 a5 33.
Re7 Rc5 34. Re4 h5 35. h4 hxg4 36. Rxg4+ Kh6 37. Rg2 g6 38. Rg4 Kh5 39. Rf4 g5
40. Rxf6 Kxh4 41. Rg6 g4 42. c3 bxc3 43. bxc3 Kh3 44. Rh6+ Kg2 45. Rg6 g3 46.
Rg7 Kf2 47. Rf7+ Kg1 48. Rg7 g2 49. Rg8 Rf5 50. Rd8 Kh2 51. Rd2 Kh1 0-1

[Event "European Youth Chess Championship G16"]
[Site "Prague, Top Hotel Prague"]
[Date "2012.08.19"]
[Round "3.33"]
[White "Tarnowska, Aleksandra"]
[Black "Zemkova, Klara"]
[Result "1/2-1/2"]
[WhiteElo "1839"]
[BlackElo "1646"]
[PlyCount "84"]
[EventDate "2012.08.17"]

1. e4 e6 2. d4 d5 3. Nd2 c5 4. exd5 exd5 5. Bb5+ Bd7 6. Bxd7+ Nxd7 7. Ne2 Ngf6
8. O-O Bd6 9. Nf3 O-O 10. h3 Qb6 11. c3 Rfe8 12. Qc2 Rac8 13. Be3 Ne4 14. Rfd1
c4 15. Bf4 Ndf6 16. Bxd6 Qxd6 17. Ne5 Nd7 18. f3 Nxe5 19. dxe5 Qb6+ 20. Kh2 Ng5
21. f4 Ne6 22. Rxd5 Qe3 23. Rf1 Rcd8 24. Rf3 Qb6 25. Rxd8 Rxd8 26. f5 Nc5 27.
Nd4 Nd3 28. e6 Ne1 29. exf7+ Kxf7 30. Qe2 Nxf3+ 31. Qxf3 Qd6+ 32. Kh1 Qd5 33.
Qh5+ Kg8 34. Qg5 h6 35. Qg6 Qe5 36. Qg4 Qd6 37. Qe4 Qd5 38. Qe7 Qd7 39. Qe4 Re8
40. Ne6 Qd1+ 41. Kh2 Qd6+ 42. Kh1 Qd1+ 1/2-1/2

[Event "European Youth Chess Championship G16"]
[Site "Prague, Top Hotel Prague"]
[Date "2012.08.19"]
[Round "3.34"]
[White "Foster, Chantelle L"]
[Black "Hatasova, Michaela"]
[Result "1-0"]
[WhiteElo "1824"]
[BlackElo "1641"]
[PlyCount "101"]
[EventDate "2012.08.17"]

1. e4 c5 2. Nf3 Nc6 3. d4 cxd4 4. Nxd4 Nf6 5. Nc3 d6 6. Bg5 e6 7. Qd2 Be7 8.
O-O-O O-O 9. f3 Nxd4 10. Qxd4 Qa5 11. h4 Bd7 12. Kb1 Rac8 13. Qd2 a6 14. Be2 b5
15. Nd5 Qd8 16. Nxe7+ Qxe7 17. e5 dxe5 18. Bxf6 Qxf6 19. Qxd7 Rfd8 20. Qb7 Qg6
21. Rxd8+ Rxd8 22. g4 h6 23. Qxa6 e4 24. Qb6 Rc8 25. Qb7 Rd8 26. Qxe4 Qf6 27.
g5 hxg5 28. hxg5 Qxg5 29. Qh7+ Kf8 30. Qh8+ Ke7 31. Qh4 Qxh4 32. Rxh4 g5 33.
Rh1 Rd5 34. c4 bxc4 35. Bxc4 Rd4 36. Rc1 f5 37. a4 Rf4 38. Rc3 g4 39. fxg4 Rxg4
40. a5 Kf6 41. a6 Rg7 42. Rb3 Ra7 43. Rb6 f4 44. Rxe6+ Kf5 45. Rb6 f3 46. Rb7
Ra8 47. Rf7+ Ke4 48. Bb5 Ke3 49. Rxf3+ Kxf3 50. Bc6+ Kf4 51. Bxa8 1-0

[Event "European Youth Chess Championship G16"]
[Site "Prague, Top Hotel Prague"]
[Date "2012.08.19"]
[Round "3.37"]
[White "Rojikova, Lenka"]
[Black "Rodsmoen, Maud"]
[Result "1-0"]
[WhiteElo "1866"]
[BlackElo "1777"]
[PlyCount "145"]
[EventDate "2012.08.17"]

1. e4 c6 2. d4 d5 3. f3 dxe4 4. fxe4 e5 5. Nf3 Be6 6. c3 Nf6 7. Bd3 Nbd7 8. O-O
Bd6 9. Kh1 O-O 10. Bg5 Qc7 11. Nbd2 h6 12. Bxf6 Nxf6 13. Qe2 Rfe8 14. Rae1 Re7
15. dxe5 Bxe5 16. Nxe5 Qxe5 17. Nf3 Qc5 18. e5 Nd7 19. Qe4 f5 20. Qh4 Rf7 21.
Nd4 Re8 22. Nxe6 Rxe6 23. Bc4 Rxe5 24. Bxf7+ Kxf7 25. Rxe5 Qxe5 26. Re1 Qd6 27.
Qh5+ Kf6 28. Qh4+ Kf7 29. Qc4+ Kf6 30. Qd4+ Qxd4 31. cxd4 Nb6 32. Kg1 Nc4 33.
Re2 Nd6 34. Re3 Nc4 35. Rb3 b5 36. d5 cxd5 37. Rxb5 Ke5 38. b3 Nb6 39. Ra5 Nc8
40. Kf2 Ke4 41. Ke2 g5 42. a4 Kd4 43. Ra6 h5 44. Rh6 h4 45. Rh5 Kc3 46. Rxg5
Kxb3 47. Rxf5 Ne7 48. Rf7 Nc6 49. Rc7 Na5 50. Rxa7 Kxa4 51. Kd3 Kb5 52. Rxa5+
Kxa5 53. Kd4 Kb6 54. Kxd5 Kc7 55. Ke6 h3 56. g4 Kd8 57. Kf7 Kd7 58. g5 Kd6 59.
g6 Ke5 60. g7 Ke4 61. g8=Q Ke5 62. Qg3+ Ke4 63. Qxh3 Kf4 64. Qg3+ Ke4 65. h4
Kd5 66. h5 Kc6 67. h6 Kb7 68. Qd6 Ka7 69. h7 Kb7 70. h8=R Ka7 71. Qb8+ Ka6 72.
Rh1 Ka5 73. Ra1# 1-0

[Event "European Youth Chess Championship G16"]
[Site "Prague, Top Hotel Prague"]
[Date "2012.08.19"]
[Round "3.38"]
[White "Pistovcakova, Aneta"]
[Black "Federovski, Adi"]
[Result "1/2-1/2"]
[WhiteElo "1642"]
[BlackElo "1851"]
[PlyCount "91"]
[EventDate "2012.08.17"]

1. e4 c5 2. Nc3 Nc6 3. g3 g6 4. Bg2 Bg7 5. d3 d6 6. Be3 Nd4 7. Qd2 Nf6 8. h3
Rb8 9. Nge2 Nd7 10. Nd1 b5 11. O-O b4 12. c3 bxc3 13. bxc3 Nxe2+ 14. Qxe2 Ba6
15. f4 O-O 16. Rc1 Nb6 17. Qd2 Qc7 18. g4 Nd7 19. Nf2 Qa5 20. Rc2 Rb6 21. g5
Bb5 22. Ng4 Ba4 23. Rcc1 Rfb8 24. Rf2 Rb1 25. Nh6+ Kf8 26. e5 e6 27. d4 d5 28.
Ng4 c4 29. Kh2 Qb5 30. Rxb1 Qxb1 31. Qc1 Qb7 32. Qd2 Qc6 33. Qc1 Kg8 34. Rb2
Rxb2 35. Qxb2 Qb5 36. Qxb5 Bxb5 37. Bc1 a5 38. Bf3 Ba4 39. Ne3 Kf8 40. Kg2 Ke8
41. Kf2 Bf8 42. h4 Nb6 43. Ke1 Kd7 44. h5 Bb5 45. Kd2 Bc6 46. h6 1/2-1/2